Statistics for Flags that are Red, White & Blue

Click here to take the quiz!

General Stats

  • This quiz has been taken 1,317 times
    (1,290 since last reset)
  • The average score is 13 of 24

Answer Stats

Answer% Correct
United States
93%
France
90%
United Kingdom
89%
Russia
84%
Netherlands
81%
Australia
79%
New Zealand
73%
Luxembourg
65%
Norway
63%
Iceland
61%
Slovakia
57%
Panama
52%
Chile
51%
Thailand
51%
Costa Rica
48%
Cuba
47%
Czech Republic
43%
Liberia
41%
North Korea
38%
Laos
32%
Cambodia
29%
Samoa
29%
Taiwan
27%
Nepal
18%

Score Distribution

Percentile by Number Answered

Percent of People with Each Score

Your Score History

You have not taken this quiz since the last reset